| 000 | 00567nam a2200229 a 4500 | ||
|---|---|---|---|
| 001 | nice12345678 | ||
| 003 | IN_TiNIC | ||
| 005 | 20260116011918.0 | ||
| 008 | 050524s1985 dela grp 000 0 urd | ||
| 020 |
_a _c6 |
||
| 082 | 0 | 0 |
_a297.82 _bFAR |
| 100 | _aFarooqi, Rehana | ||
| 245 | _aHussain Ke Mukammil Halaat Ma Waqiat-E-karbala | ||
| 260 |
_aDelhi _bMaktaba Darul Furqan _c1985 |
||
| 300 | _a271p | ||
| 500 | _aincludes index and biblioraphy | ||
| 505 | 2 | _abibliography | |
| 700 | 1 | _aFarooqi, Rehana | |
| 902 | _bSRS | ||
| 942 | _cBK | ||
| 999 |
_c4886 _d4886 |
||